000 00495nam a2200181Ia 4500
005 20250508160817.0
008 008 250505s9999 xx 000 0 eng d
037 _aTextual
040 _aFEDL
_beng
_cFEDL
041 _aeng
_2eng
084 _a378.12, EBL
_qFEDL
100 _aEble Kenneth E
_991352
245 0 _aProfessors as teachers
260 _aLondon, UK
_bJossey-Bass Publishers
_c1972
300 _a202p.
942 _cTEXL
_h378.12, EBL
999 _c1366749
_d1366749